[Event "IsBank TCh-TUR"]
[Site "Konya TUR"]
[Date "2010.07.04"]
[Round "7"]
[White "Birgelir,Melisa"]
[Black "Temel,J"]
[Result "0-1"]
[WhiteElo "1735"]
[BlackElo "1938"]
[EventDate "2010.06.29"]

1. e4 c5 2. Nf3 Nc6 3. c3 Nf6 4. Bd3 d5 5. exd5 Qxd5 6. Bc2 Bg4 7. h3 Qh5
8. Rg1 Bxf3 9. Qxf3 Qxf3 10. gxf3 Ne5 11. Ke2 e6 12. d3 Ng6 13. Be3 Bd6 14.
Nd2 b5 15. Ne4 Nxe4 16. fxe4 Ke7 17. d4 c4 18. e5 Bc7 19. Be4 Rab8 20. Bd2
Rb6 21. Rgc1 Rc8 22. Rc2 Kd7 23. a4 bxa4 24. Rxa4 Bb8 25. Bc1 Ne7 26. f4 g6
27. Kf1 Nd5 28. Rh2 Rb3 29. Bc2 Rb5 30. Ra6 Rb6 31. Ra5 Ke7 32. h4 Rcc6 33.
Kg2 Ra6 34. Rb5 Rcb6 35. Rc5 Ra1 36. Rh1 Kd7 37. Rxc4 Rxc1 38. Rxc1 Ne3+
39. Kf3 Nxc4 40. b4 Ke7 41. Bd3 Rc6 42. Ke2 Nb6 43. c4 Rc7 44. Kd2 Rd7 45.
Ke3 f6 46. Rf1 fxe5 47. fxe5 Ke8 48. Rh1 Rf7 49. h5 g5 50. h6 Bc7 51. Rg1
Bd8 52. b5 Kf8 53. Be2 Rc7 54. Rc1 g4 55. Kf4 g3 56. Kxg3 Bg5 57. Rc2 Bxh6
58. Kf3 Rf7+ 59. Ke4 Rf2 60. Kd3 Rh2 61. Ra2 Rh3+ 62. Kc2 Rh2 63. Kc3 Bg5
64. Kd3 Rh3+ 65. Kc2 Rh2 66. Kb3 Rh3+ 67. Kb4 Ke7 68. c5 Nd5+ 69. Ka5 Kd8
70. Ka6 Nb4+ 71. Kxa7 Nxa2 72. b6 Ra3+ 73. Kb8 Nb4 74. Bb5 Nd5 75. b7 Rb3
76. Bd7 Ke7 77. Ba4 Rb4 78. Bc6 h5 79. Ka8 Be3 80. Ka7 Rb3 81. Ka6 h4 82.
Ba4 Ra3 83. Kb5 Nc3+ 84. Kc6 Rxa4 85. Kc7 Nd5+ 86. Kc8 Rb4 87. c6 h3 88. c7
Nxc7 89. Kxc7 h2 90. b8=Q Rxb8 91. Kxb8 h1=Q 92. Kc7 Qd5 0-1

[Event "IsBank TCh-TUR"]
[Site "Konya TUR"]
[Date "2010.07.04"]
[Round "7"]
[White "Sasmazel,B"]
[Black "Sahin,Handenur"]
[Result "1/2-1/2"]
[WhiteElo "1876"]
[BlackElo "1656"]
[EventDate "2010.06.29"]

1. e4 e5 2. Nf3 Nf6 3. Nxe5 d6 4. Nf3 Nxe4 5. c4 Nf6 6. d4 Be7 7. Bd3 O-O
8. h3 c6 9. O-O d5 10. Nc3 Na6 11. a3 Nc7 12. c5 Ne6 13. Bc2 b6 14. b4 Ba6
15. Re1 Qc7 16. Bf5 Bc8 17. Ne5 g6 18. Bxe6 Bxe6 19. Bg5 Rfe8 20. Qc1 bxc5
21. bxc5 Nh5 22. Bxe7 Rxe7 23. g4 Ng7 24. Qg5 Ree8 25. Qf6 Rac8 26. Na2 Qe7
27. Qxe7 Rxe7 28. Nb4 Bd7 29. Na6 Rce8 30. Reb1 f6 31. Nf3 Bc8 32. Nb4 Rc7
33. Nd3 Kf7 34. Kg2 Ba6 35. Nb4 Bc8 36. g5 a5 37. Nc2 Bf5 38. Rc1 Be4 39.
gxf6 Kxf6 40. Nce1 Rb8 41. Rc3 Ne6 42. Kg3 a4 43. Ra2 Rcb7 44. Ra1 Rb3 45.
Rac1 Rxc3 46. Rxc3 Rb3 47. Re3 1/2-1/2

[Event "IsBank TCh-TUR"]
[Site "Konya TUR"]
[Date "2010.07.04"]
[Round "7"]
[White "Mchedlishvili,M"]
[Black "Gajewski,G"]
[Result "1-0"]
[WhiteElo "2630"]
[BlackElo "2572"]
[EventDate "2010.06.29"]

1. Nf3 d5 2. d4 Nf6 3. c4 e6 4. Nc3 Bb4 5. cxd5 exd5 6. Bg5 Nbd7 7. e3 c5
8. Bd3 Qa5 9. O-O c4 10. Bf5 O-O 11. Qc1 Re8 12. Nd2 h6 13. Bh4 g6 14. Bxd7
Nxd7 15. e4 Bxc3 16. bxc3 Nb6 17. Re1 Kg7 18. e5 Bf5 19. Nf1 g5 20. Ne3 Bd7
21. Bg3 Na4 22. Nd1 Re6 23. Rb1 b5 24. Qd2 Ra6 25. Rc1 Nb6 26. f4 Qxa2 27.
Rc2 Qb3 28. Rb2 Qa3 29. fxg5 Na4 30. e6 Nxb2 31. gxh6+ Kg6 32. exd7 Nxd1
33. Qxd1 Qf8 34. Qg4+ Kxh6 35. Bf4+ Kh7 36. Qh5+ Kg7 37. Qxd5 b4 38. Bc7 f6
39. Qxc4 Rd6 40. Bxd6 Qxd6 41. Re8 Qf4 42. cxb4 Qd2 43. h4 1-0

[Event "IsBank TCh-TUR"]
[Site "Konya TUR"]
[Date "2010.07.04"]
[Round "7"]
[White "Heberla,B"]
[Black "Gelashvili,T"]
[Result "1/2-1/2"]
[WhiteElo "2532"]
[BlackElo "2614"]
[EventDate "2010.06.29"]

1. e4 c6 2. d4 d5 3. Nc3 g6 4. Nf3 Bg7 5. h3 Nf6 6. e5 Nfd7 7. Be3 Qb6 8.
b3 f6 9. exf6 Nxf6 10. Bd3 O-O 11. O-O Qc7 12. Re1 Nh5 13. Bg5 e6 14. Na4
b6 15. c4 Nf4 16. Rc1 Qf7 17. Re3 dxc4 18. bxc4 Nd7 19. Nc3 Nxd3 20. Qxd3
e5 21. dxe5 Nc5 22. Qe2 h6 23. Bh4 g5 24. Bg3 Be6 25. Ne4 Nxe4 26. Rxe4 c5
27. Nh2 Rad8 28. Ng4 Qg6 29. Nf6+ Bxf6 30. exf6 Rxf6 31. Be5 Rff8 32. Ba1
Bd7 33. Rd1 Ba4 34. Rxd8 Rxd8 35. Kh2 Rd2 36. Qxd2 Qxe4 37. Qd8+ Be8 38.
Bb2 Qe6 39. f3 Kh7 40. h4 gxh4 41. Qxh4 Qd6+ 42. f4 Bc6 43. Be5 Qf8 44. Qg4
Qf7 45. Kg1 Qg6 46. Qe2 Bd7 47. Bb2 Be6 48. Qe5 Qf7 49. a4 h5 50. Kh2 Kg6
51. Qg5+ Kh7 52. Qe5 Kg6 53. Qg5+ Kh7 1/2-1/2

[Event "IsBank TCh-TUR"]
[Site "Konya TUR"]
[Date "2010.07.04"]
[Round "7"]
[White "Arduman,C"]
[Black "Tuncer,U"]
[Result "1-0"]
[WhiteElo "2335"]
[BlackElo "2315"]
[EventDate "2010.06.29"]

1. d4 Nf6 2. c4 g6 3. g3 Bg7 4. Bg2 O-O 5. Nc3 d6 6. Nf3 Nc6 7. O-O a6 8.
Qd3 e5 9. dxe5 dxe5 10. Qxd8 Rxd8 11. Bg5 Be6 12. Nd2 h6 13. Bxf6 Rxd2 14.
Bxg7 Kxg7 15. Bxc6 bxc6 16. b3 a5 17. Rfd1 Rc2 18. Rdc1 Rb2 19. Rab1 Rxb1
20. Rxb1 Kf8 21. Kf1 Ke7 22. Na4 Rb8 23. Rd1 Rb4 24. Rc1 Rb8 25. Ke1 Rd8
26. Nc5 Bc8 27. Rc3 Bf5 28. e4 Bg4 29. f3 Be6 30. Rd3 Rd6 31. Kd2 Bh3 32.
Nb7 Rxd3+ 33. Kxd3 a4 34. bxa4 Bc8 35. Nc5 Kd6 36. Nb3 c5 37. h4 Bh3 38. a5
Bf1+ 39. Kc3 Bh3 40. g4 Kc6 41. a6 Kb6 42. Nxc5 Bg2 43. Nd7+ Kxa6 44. Nxe5
f6 45. Nd7 Bxf3 46. Nxf6 Kb6 47. Kd4 Kc6 48. a4 Bd1 49. e5 1-0

[Event "IsBank TCh-TUR"]
[Site "Konya TUR"]
[Date "2010.07.04"]
[Round "7"]
[White "Tsatsalashvili,K"]
[Black "Majdan,J"]
[Result "1-0"]
[WhiteElo "2257"]
[BlackElo "2348"]
[EventDate "2010.06.29"]

1. d4 Nf6 2. c4 g6 3. Nc3 Bg7 4. e4 O-O 5. Nf3 c6 6. Bd3 d6 7. h3 Nbd7 8.
O-O e5 9. d5 Nh5 10. Re1 cxd5 11. cxd5 Nc5 12. Bf1 a5 13. Be3 b6 14. a3 a4
15. Bb5 Bd7 16. Bc6 Bxc6 17. dxc6 Rc8 18. Bxc5 bxc5 19. Qxa4 f5 20. Nd5
fxe4 21. Qxe4 Kh8 22. b4 cxb4 23. c7 Qe8 24. axb4 Nf6 25. Nxf6 Bxf6 26. Ra7
Qf7 27. Qc2 Qd7 28. Rb7 Rf7 29. Rc1 d5 30. Rb8 Rff8 31. Qc6 Qxc6 32. Rxc6
Rxb8 33. Rxf6 1-0

[Event "IsBank TCh-TUR"]
[Site "Konya TUR"]
[Date "2010.07.04"]
[Round "7"]
[White "Acarbay,Ay"]
[Black "Tulay,B"]
[Result "0-1"]
[WhiteElo "1885"]
[BlackElo "2163"]
[EventDate "2010.06.29"]

1. d4 Nf6 2. c4 d6 3. Nf3 Nbd7 4. Nc3 e5 5. e4 c6 6. g3 Be7 7. Bg2 Qc7 8.
O-O Nf8 9. h3 h6 10. b3 Ne6 11. Re1 Ng5 12. Nxg5 hxg5 13. g4 Nd7 14. Be3
Nf8 15. Rc1 Ng6 16. Qf3 Nf4 17. Bxf4 gxf4 18. d5 c5 19. a3 g6 20. b4 b6 21.
Bf1 Kf8 22. Bd3 Bd7 23. Kf1 Qc8 24. Ne2 Kg7 25. Ng1 Rh4 26. Qg2 Qh8 27. f3
Rg8 28. bxc5 dxc5 29. Qb2 Bd6 30. Rc2 Rxh3 31. Ke2 Rg3 32. Rd2 Qh1 33. Qa1
Rg2+ 0-1

[Event "IsBank TCh-TUR"]
[Site "Konya TUR"]
[Date "2010.07.04"]
[Round "7"]
[White "Buyukasik,Betul"]
[Black "Tulay,S"]
[Result "0-1"]
[WhiteElo "1670"]
[BlackElo "1788"]
[EventDate "2010.06.29"]

1. d4 d5 2. c4 e6 3. Nc3 Nf6 4. Bg5 Nbd7 5. Nf3 c6 6. e3 Be7 7. Qc2 O-O 8.
Bd3 dxc4 9. Bxc4 Nd5 10. Bxe7 Qxe7 11. a3 Nxc3 12. Qxc3 c5 13. O-O b6 14.
Rfd1 Bb7 15. Be2 Rfd8 16. Rac1 Rac8 17. Qb3 cxd4 18. Nxd4 Nc5 19. Qb4 Qg5
20. g3 Qf6 21. Qe1 Ne4 22. Bf3 e5 23. Bxe4 Bxe4 24. f3 Bb7 25. Ne2 Qxf3 26.
e4 Bxe4 27. Qf1 Qh1+ 28. Kf2 Qf3+ 29. Ke1 Qe3 30. Rc3 Rxd1+ 31. Kxd1 Rd8+
32. Ke1 Qd2+ 33. Kf2 Qxb2 34. Qd1 Rf8 35. Re3 f5 0-1

[Event "IsBank TCh-TUR"]
[Site "Konya TUR"]
[Date "2010.07.04"]
[Round "7"]
[White "Buyukasik,D"]
[Black "Temizkan,D"]
[Result "1-0"]
[WhiteElo "2034"]
[BlackElo "1814"]
[EventDate "2010.06.29"]

1. c4 e5 2. Nc3 Nf6 3. g3 d5 4. cxd5 Nxd5 5. Bg2 Nb6 6. Nf3 Nc6 7. O-O Be7
8. d3 O-O 9. Be3 Be6 10. Ne4 f6 11. Nc5 Bc8 12. Nd2 Bxc5 13. Bxc5 Re8 14.
Nb3 Nd5 15. e4 Ndb4 16. d4 Na6 17. d5 Ne7 18. Be3 Qd6 19. a3 c6 20. Nd2 b5
21. Rc1 cxd5 22. exd5 f5 23. a4 Bd7 24. b3 e4 25. Qe2 Nxd5 26. Bd4 Nac7 27.
Rfd1 bxa4 28. Nc4 Qe6 29. Qb2 Qe7 30. bxa4 Bxa4 31. Rd2 Bd7 32. Be5 Be6 33.
Ne3 Rec8 34. Rdc2 a5 35. Bf1 Qd7 36. Qb7 Rab8 37. Qc6 Qxc6 38. Rxc6 a4 39.
Nxd5 1-0

[Event "IsBank TCh-TUR"]
[Site "Konya TUR"]
[Date "2010.07.04"]
[Round "7"]
[White "Mirzoev,A"]
[Black "Galkin,A"]
[Result "1/2-1/2"]
[WhiteElo "2555"]
[BlackElo "2597"]
[EventDate "2010.06.29"]

1. d4 d5 2. Nf3 e6 3. c4 Nf6 4. e3 c5 5. dxc5 Bxc5 6. a3 O-O 7. Nc3 dxc4 8.
Qxd8 Rxd8 9. Bxc4 a6 10. Be2 b5 11. O-O Bb7 12. b4 Be7 13. Bb2 Nbd7 14.
Rfd1 Nb6 15. Rxd8+ Rxd8 16. Rd1 Rxd1+ 17. Nxd1 Nfd5 18. Nc3 f6 19. Nxd5
Bxd5 20. Nd2 e5 21. f4 Bd6 22. fxe5 fxe5 23. Kf2 Kf7 24. e4 Be6 25. Bd3 Kf6
26. h3 Bb8 27. Ke2 h5 28. Bc1 Ba7 29. Bb2 g5 30. Bc1 g4 1/2-1/2

[Event "IsBank TCh-TUR"]
[Site "Konya TUR"]
[Date "2010.07.04"]
[Round "7"]
[White "Reyhan,D"]
[Black "Karatekin,T"]
[Result "0-1"]
[WhiteElo "2325"]
[BlackElo "2265"]
[EventDate "2010.06.29"]

1. c4 d6 2. g3 g6 3. Bg2 Bg7 4. Nc3 Nc6 5. Nf3 Nf6 6. O-O O-O 7. d4 a6 8.
b3 Rb8 9. Bb2 b5 10. d5 Na5 11. cxb5 axb5 12. Nd4 b4 13. Na4 e5 14. dxe6
fxe6 15. Nc6 Nxc6 16. Bxc6 Qe7 17. Rc1 Ba6 18. Qd2 e5 19. Rc2 Qe6 20. Rd1
Rf7 21. Qe3 Rbf8 22. Qa7 Bc8 23. Qb8 Qf5 24. Rdc1 Bh6 25. e3 Ng4 26. Qxb4
Nxf2 27. Bd5 Bxe3 28. Bxf7+ Rxf7 29. Qb8 Ne4+ 30. Kh1 Qf3+ 31. Rg2 Qf1+ 32.
Rg1 Nf2+ 0-1

[Event "IsBank TCh-TUR"]
[Site "Konya TUR"]
[Date "2010.07.04"]
[Round "7"]
[White "Kucumenler,T"]
[Black "Salepci,O"]
[Result "0-1"]
[WhiteElo "2111"]
[BlackElo "2130"]
[EventDate "2010.06.29"]

1. d4 Nf6 2. c4 g6 3. Nc3 Bg7 4. e4 O-O 5. Nf3 d6 6. h3 e5 7. d5 a5 8. Bg5
Na6 9. Nd2 Bd7 10. Be2 h6 11. Be3 Nh7 12. Qc2 f5 13. f3 Bf6 14. Bxh6 Bh4+
15. Kd1 Rf7 16. Be3 f4 17. Bg1 Qg5 18. Bf1 Qg3 19. Kc1 c6 20. Ne2 Qg5 21.
Qc3 Qd8 22. Qd3 Nc5 23. Qc2 cxd5 24. Bxc5 dxc5 25. exd5 Nf6 26. Qxg6+ Rg7
27. Qc2 Bf2 28. Nc3 Be3 29. Nd1 Bd4 30. Nb3 b5 31. Nxd4 cxd4 32. Nf2 Rc8
33. b3 Nxd5 34. Qe4 Ne3 35. Qxe5 bxc4 36. b4 d3 37. Qxa5 Qf6 0-1

[Event "IsBank TCh-TUR"]
[Site "Konya TUR"]
[Date "2010.07.04"]
[Round "7"]
[White "Guramishvili,S"]
[Black "Nikolova,A"]
[Result "1-0"]
[WhiteElo "2289"]
[BlackElo "2318"]
[EventDate "2010.06.29"]

1. d4 Nf6 2. c4 e6 3. Nc3 Bb4 4. Bg5 h6 5. Bh4 c5 6. d5 d6 7. e3 Bxc3+ 8.
bxc3 e5 9. Qc2 Qe7 10. Nf3 Nbd7 11. Nd2 e4 12. Be2 b6 13. a4 g5 14. Bg3 a5
15. O-O-O Ba6 16. Rde1 O-O-O 17. f4 Rhg8 18. fxg5 hxg5 19. Rhf1 Kc7 20. Rf2
Rg7 21. h4 Rh8 22. hxg5 Rxg5 23. Bf4 Rg7 24. Ref1 Re8 25. Bh2 Nh7 26. Bf4
Ng5 27. Kb1 Qf6 28. Bh5 Re7 29. Bg4 Ne5 30. Bxe5 Qxe5 31. Rf4 Bc8 32. Bxc8
Kxc8 33. Qb3 Kb7 34. Kc2 Ka7 35. Qb5 Rg8 36. Qb1 Rb7 37. Kb3 Re7 38. Qe1
Rg6 39. Qh4 Re8 40. Qf2 Re7 41. Rh1 Kb7 42. Rh5 Qg7 43. Qh4 Re5 44. Nxe4
Nxe4 45. Rxe4 Rxh5 46. Qxh5 Ka6 47. Qf5 Qf8 48. Qd7 Rg8 49. Re7 Qxe7 50.
Qxe7 Rxg2 51. Qxd6 1-0

[Event "IsBank TCh-TUR"]
[Site "Konya TUR"]
[Date "2010.07.04"]
[Round "7"]
[White "Bolat,A"]
[Black "Okus,M"]
[Result "1-0"]
[WhiteElo "2016"]
[BlackElo "1878"]
[EventDate "2010.06.29"]

1. e4 c5 2. Nf3 Nc6 3. d4 cxd4 4. Nxd4 g6 5. c4 Bg7 6. Be3 Nf6 7. Nc3 O-O
8. Be2 d6 9. O-O Bd7 10. Rc1 Nxd4 11. Bxd4 Bc6 12. f3 Nd7 13. Bxg7 Kxg7 14.
Qd4+ Kg8 15. Nd5 Bxd5 16. cxd5 Qa5 17. Rc3 Rfc8 18. Rfc1 Rc5 19. b4 Rxc3
20. Qxc3 Qb6+ 21. Kf1 a5 22. a3 axb4 23. Qxb4 Qa7 24. Rc7 Nc5 25. Rxe7 Qb8
26. Bb5 Qa7 27. e5 dxe5 28. d6 Ne6 29. d7 Kg7 30. Bc4 Nd8 31. Re8 Qd4 32.
Qf8+ Kf6 33. Qe7+ Kf5 34. g4+ Kf4 35. Qf6+ Ke3 36. Rxe5+ 1-0

[Event "IsBank TCh-TUR"]
[Site "Konya TUR"]
[Date "2010.07.04"]
[Round "7"]
[White "Komut,K"]
[Black "Burneckas,Y"]
[Result "0-1"]
[WhiteElo "1937"]
[BlackElo "1946"]
[EventDate "2010.06.29"]

1. e4 c5 2. Nf3 Nc6 3. d4 cxd4 4. Nxd4 Nf6 5. Nc3 e5 6. Ndb5 d6 7. Nd5 Nxd5
8. exd5 Nb8 9. c4 Be7 10. Be2 O-O 11. O-O f5 12. Be3 a6 13. Nc3 Nd7 14. f3
b6 15. b4 Nf6 16. Rc1 Rb8 17. Qd2 f4 18. Bf2 g5 19. Rfd1 g4 20. c5 Qe8 21.
cxd6 Bxd6 22. Ne4 Nxe4 23. fxe4 Qg6 24. Rc6 Bd7 25. Rxb6 g3 26. Bc5 Bxc5+
27. bxc5 Rxb6 28. cxb6 Qxb6+ 29. Kh1 Rf6 30. Bf1 Bg4 31. Rc1 gxh2 32. Bd3
f3 33. gxf3 Bxf3+ 34. Kxh2 Rh6+ 35. Kg3 Qg6+ 36. Kxf3 Rh3+ 37. Ke2 Rh2+ 38.
Kd1 Rxd2+ 39. Kxd2 Qg2+ 40. Ke3 Qg5+ 0-1

[Event "IsBank TCh-TUR"]
[Site "Konya TUR"]
[Date "2010.07.04"]
[Round "7"]
[White "Kaya,E"]
[Black "Morgul,E"]
[Result "1-0"]
[WhiteElo "2006"]
[BlackElo "1718"]
[EventDate "2010.06.29"]

1. e4 c6 2. c4 d5 3. exd5 cxd5 4. d4 e6 5. Nc3 Nf6 6. Nf3 Nbd7 7. cxd5 Nxd5
8. Nxd5 exd5 9. Bd3 Be7 10. O-O O-O 11. Re1 Nf6 12. Ne5 Qb6 13. Bg5 Kh8 14.
Bxf6 Qxf6 15. Re3 Qh4 16. Qe2 Be6 17. Rd1 Bd6 18. g3 Qh6 19. f4 f5 20. Ng4
fxg4 21. Rxe6 Rf6 22. Re1 Bb4 23. Re8+ Rxe8 24. Qxe8+ Rf8 25. Re6 Qf6 26.
Rxf6 Rxe8 27. Rf5 Re1+ 28. Kf2 Rd1 29. Rxd5 g6 30. Rd8+ Kg7 31. Rd7+ Kf6
32. Bc4 Be7 33. Be2 Rd2 34. Rxb7 Rxd4 35. Bxg4 Rd2+ 36. Be2 a5 37. Ke3 Rd8
38. Rb6+ Kg7 39. Rb5 Bb4 40. Rb7+ Kh8 41. Bd3 Re8+ 42. Kd4 Rd8+ 43. Kc4
Rc8+ 44. Kb3 Rc1 45. Rxb4 axb4 46. Kxb4 1-0

[Event "IsBank TCh-TUR"]
[Site "Konya TUR"]
[Date "2010.07.04"]
[Round "7"]
[White "Soysal,I"]
[Black "Yurtseven,M"]
[Result "1/2-1/2"]
[WhiteElo "1676"]
[BlackElo "1964"]
[EventDate "2010.06.29"]

1. e4 c5 2. Nf3 a6 3. d4 cxd4 4. Nxd4 Nf6 5. Nc3 e5 6. Nf3 Bb4 7. Bd2 Nc6
8. Bd3 d5 9. exd5 Nxd5 10. O-O Nxc3 11. bxc3 Be7 12. Qe2 Bg4 13. Qe3 Bxf3
14. Qxf3 O-O 15. Qh3 g6 16. Bh6 Re8 17. f4 e4 18. Bc4 Na5 19. Bxf7+ Kxf7
20. f5 Kg8 21. fxg6 Qb6+ 22. Be3 Qxg6 23. Rf4 h5 24. Rf5 Nc4 25. Bd4 Qg4
26. Qxh5 Qxh5 27. Rxh5 Kf7 28. Rh6 Rf8 29. h4 Ke8 30. Re1 e3 31. Re2 Kd7
32. Rh7 Kd8 33. g4 Rg8 34. Rg2 Rc8 35. g5 Rc6 36. Rh6 Kd7 37. g6 Bf6 38.
Rh7+ 1/2-1/2

[Event "IsBank TCh-TUR"]
[Site "Konya TUR"]
[Date "2010.07.05"]
[Round "8"]
[White "Karatekin,T"]
[Black "Ergonen,A"]
[Result "1-0"]
[WhiteElo "2265"]
[BlackElo "1995"]
[EventDate "2010.06.29"]

1. g3 d5 2. Bg2 Nf6 3. Nf3 c5 4. d3 Nc6 5. Nbd2 e6 6. e4 Be7 7. O-O O-O 8.
Re1 b5 9. e5 Nd7 10. Nf1 Re8 11. h4 Qc7 12. Bf4 b4 13. Ne3 Qd8 14. Ng4 f6
15. exf6 Nxf6 16. Nge5 Nxe5 17. Nxe5 Bd6 18. h5 Qc7 19. h6 g6 20. Qe2 Bd7
21. Nxd7 Qxd7 22. Bg5 Qf7 23. Bh3 e5 24. Qf3 Rf8 25. Bxf6 Qxf6 26. Qxd5+
Kh8 27. Re2 Rad8 28. Kg2 e4 29. Qxe4 Qxb2 30. Rae1 Qf6 31. Be6 a5 32. Bc4
Qg5 33. Qe6 Qxh6 34. Rh1 Qg7 35. Rh4 Qb7+ 36. Ree4 Qd7 37. Qxg6 Qg7 38. Qh5
Rf6 39. Reg4 Qe7 40. Re4 Qg7 41. Rhg4 Qc7 42. Qg5 Rg6 43. Qh5 Rxg4 44. Rxg4
Rf8 45. Qg5 h5 46. Rh4 1-0

[Event "IsBank TCh-TUR"]
[Site "Konya TUR"]
[Date "2010.07.05"]
[Round "8"]
[White "Vural,O"]
[Black "Sengul,C"]
[Result "1/2-1/2"]
[WhiteElo "1896"]
[BlackElo "2188"]
[EventDate "2010.06.29"]

1. e4 e5 2. Nf3 Nc6 3. d4 exd4 4. Bc4 Nf6 5. Ng5 d5 6. exd5 Qe7+ 7. Kf1 Ne5
8. Qxd4 h6 9. Bb5+ c6 10. dxc6 bxc6 11. Nf3 cxb5 12. Qxe5 Qxe5 13. Nxe5 Bf5
14. c3 Bd6 15. Nf3 O-O-O 16. Be3 Rhe8 17. Nd4 Bd3+ 18. Ke1 Ng4 19. Kd2 Be4
20. Na3 a6 21. h3 Nxe3 22. fxe3 f5 23. Rhf1 Bxg2 24. Rxf5 Bxh3 25. Rf7 Rd7
26. Rxd7 Kxd7 27. Rh1 Bg4 28. Nac2 h5 29. b3 g5 30. c4 bxc4 31. bxc4 h4 32.
Kd3 h3 33. e4 h2 34. Ne3 Bh3 35. c5 Bf4 36. c6+ Kc7 37. Nd5+ Kc8 38. Nxf4
gxf4 39. Rxh2 Bf1+ 40. Kc3 Rxe4 41. Rh8+ Kc7 42. Rh7+ Kc8 43. Nf5 Re6 44.
Nd4 Rd6 45. Rf7 Bg2 46. Rxf4 Bxc6 47. Nxc6 1/2-1/2

[Event "IsBank TCh-TUR"]
[Site "Konya TUR"]
[Date "2010.07.05"]
[Round "8"]
[White "Nikolova,A"]
[Black "Zdebskaja,N"]
[Result "1-0"]
[WhiteElo "2318"]
[BlackElo "2383"]
[EventDate "2010.06.29"]

1. e4 c6 2. c4 d5 3. exd5 cxd5 4. cxd5 Nf6 5. Qa4+ Nbd7 6. Nc3 g6 7. Bc4
Bg7 8. d3 O-O 9. Nf3 a6 10. Qa3 b6 11. O-O Bb7 12. Qb4 b5 13. Bb3 Nb6 14.
Re1 Nbxd5 15. Nxd5 Nxd5 16. Qh4 Nf6 17. Ne5 Bd5 18. Bd1 Rc8 19. a4 bxa4 20.
Bxa4 Qb6 21. Bd1 Rfd8 22. Qg3 Nd7 23. Ng4 Bxb2 24. Bxb2 Qxb2 25. Bf3 Bxf3
26. Qxf3 Qg7 27. d4 h5 28. Ne5 Nxe5 29. dxe5 Rc5 30. e6 Rf5 31. Qe3 Rd6 32.
exf7+ Rxf7 33. Ra2 Qf6 34. h3 Kg7 35. Rea1 Re6 36. Qd3 Rf8 37. Qf1 Ra8 38.
Qc4 Rb8 39. Qf1 Rbb6 40. Qc4 Rb2 41. Rxb2 Qxb2 42. Qf1 Rc6 43. Rb1 Qf6 44.
Ra1 Qg5 45. Kh2 Qf4+ 46. Kg1 Qf6 47. Qe1 Re6 48. Qf1 g5 49. Ra2 Qc3 50. Re2
Rxe2 51. Qxe2 Qc1+ 52. Kh2 Qc7+ 53. Kg1 a5 54. Qxh5 Qc1+ 55. Kh2 a4 56. Qe2
Kf8 57. h4 gxh4 58. Qf3+ Kg7 59. Qg4+ Kf7 60. Qxa4 Qg5 61. Qc4+ e6 62. Qd4
Ke7 63. Kh3 Qf5+ 64. Kxh4 Qh7+ 65. Kg3 Qg6+ 66. Qg4 Qd3+ 67. f3 Qe3 68.
Qg7+ Kd6 69. Qf8+ Ke5 70. Kg4 Qa7 71. Qf4+ Kd5 72. Qe4+ Kd6 73. Qd3+ Ke5
74. Kh5 Qf2 75. Qe4+ Kd6 76. g4 Qh2+ 77. Kg6 Qh8 78. Qd3+ Kc7 79. Kf7 e5
80. g5 Qh5+ 81. g6 Kc6 82. Qe4+ Kd6 83. Qg4 Kd5 1-0

[Event "IsBank TCh-TUR"]
[Site "Konya TUR"]
[Date "2010.07.05"]
[Round "8"]
[White "Selbes,T"]
[Black "Mirzoev,A"]
[Result "0-1"]
[WhiteElo "2263"]
[BlackElo "2555"]
[EventDate "2010.06.29"]

1. e4 e5 2. Nf3 Nc6 3. Bb5 a6 4. Ba4 Nf6 5. O-O Be7 6. Re1 b5 7. Bb3 d6 8.
c3 O-O 9. h3 a5 10. d4 a4 11. Bc2 Bd7 12. Nbd2 Re8 13. Nf1 h6 14. Ng3 Bf8
15. Rb1 g6 16. b4 axb3 17. axb3 Bg7 18. b4 Qb8 19. dxe5 dxe5 20. Nd2 Nd8
21. Nb3 c6 22. Be3 h5 23. Qd2 Qc7 24. Red1 Ne6 25. Ra1 Red8 26. Rxa8 Rxa8
27. Nc5 Nxc5 28. Bxc5 Be6 29. Qg5 Nd7 30. Bd6 Qc8 31. Nf5 gxf5 32. exf5 f6
33. Qxh5 Bf7 34. Qg4 Qe8 35. Rd3 Kh7 36. f4 Ra1+ 37. Kh2 Bh6 38. Qh4 Bh5
39. fxe5 Nxe5 40. Rg3 Bg5 41. Rxg5 fxg5 42. Qe4 Re1 43. Qd4 Nf3+ 0-1

[Event "IsBank TCh-TUR"]
[Site "Konya TUR"]
[Date "2010.07.05"]
[Round "8"]
[White "Mamedov,Nid"]
[Black "Drozdovskij,Y"]
[Result "1/2-1/2"]
[WhiteElo "2614"]
[BlackElo "2625"]
[EventDate "2010.06.29"]

1. e4 e5 2. Nf3 Nc6 3. Bb5 a6 4. Ba4 Nf6 5. O-O Be7 6. Re1 b5 7. Bb3 d6 8.
c3 O-O 9. d4 Bg4 10. Be3 exd4 11. cxd4 Na5 12. Bc2 Nc4 13. Bc1 c5 14. b3
Nb6 15. Nbd2 Nfd7 16. Bb2 Rc8 17. Qb1 c4 18. bxc4 Nxc4 19. Nxc4 bxc4 20.
Bc3 Bxf3 21. gxf3 Rb8 22. Qd1 d5 23. Rb1 Nf6 24. Rxb8 Qxb8 25. e5 Nh5 26.
Qb1 g6 27. Qxb8 Rxb8 28. Rb1 Rxb1+ 29. Bxb1 Nf4 30. Kf1 Bd8 31. Ke1 Bb6 32.
Kd2 f6 33. exf6 Kf7 34. Bc2 Ne6 35. Ke3 Kxf6 36. a4 Ng7 37. Bb4 Nf5+ 38.
Bxf5 Kxf5 39. h3 Bc7 40. Be7 Bf4+ 41. Ke2 Bg5 42. Bb4 Bf6 43. Bc3 Kg5 44.
Kf1 Kh4 45. Kg2 Bg5 46. Kh2 Bc1 47. Kg2 Ba3 48. Kh2 g5 49. Kg2 h6 50. Kh2
a5 51. Bxa5 Bb2 52. f4 c3 53. f5 Kh5 54. Kg2 c2 55. Bd2 c1=Q 56. Bxc1 Bxc1
57. a5 Bb2 58. a6 Bxd4 59. f3 Ba7 60. Kf1 g4 61. hxg4+ Kg5 62. f4+ Kf6 63.
Ke2 Ke7 64. Kf3 Kd6 65. Ke2 Bb6 66. Kf3 Bg1 67. Ke2 Bc5 68. Kf3 Kc6 69. g5
hxg5 70. fxg5 Kd6 1/2-1/2

[Event "IsBank TCh-TUR"]
[Site "Konya TUR"]
[Date "2010.07.05"]
[Round "8"]
[White "Burneckas,Y"]
[Black "Kerigan,D"]
[Result "0-1"]
[WhiteElo "1946"]
[BlackElo "2126"]
[EventDate "2010.06.29"]

1. d4 d5 2. Nf3 Nf6 3. c4 dxc4 4. e3 Bg4 5. h3 Bh5 6. Bxc4 e6 7. O-O a6 8.
Nc3 Nc6 9. Be2 Bd6 10. Kh1 O-O 11. e4 Bxf3 12. Bxf3 e5 13. d5 Nd4 14. Be3
Nxf3 15. Qxf3 Nd7 16. Qe2 Qe7 17. a3 Kh8 18. Bd2 Rae8 19. Na2 f5 20. f3 f4
21. Rac1 Nf6 22. Be1 Rg8 23. Nb4 g5 24. Nd3 Rg6 25. b4 h5 26. Nf2 Reg8 27.
Bc3 g4 28. fxg4 hxg4 29. Nxg4 Nxg4 30. hxg4 Qh4+ 31. Kg1 Rh6 32. Be1 Qh2+
33. Kf2 f3 34. Qxf3 Rf8 35. Rc3 Rhf6 36. Bd2 Rxf3+ 37. Rxf3 Kg7 38. Rxf8
Bxf8 39. Kf3 Be7 40. Rc1 Bh4 41. Rxc7+ Kg6 42. Rxb7 Qg3+ 43. Ke2 Qxg2+ 44.
Kd3 Qf3+ 0-1

[Event "IsBank TCh-TUR"]
[Site "Konya TUR"]
[Date "2010.07.05"]
[Round "8"]
[White "Isparta,Sevim"]
[Black "Kaya,E"]
[Result "0-1"]
[WhiteElo "1605"]
[BlackElo "2006"]
[EventDate "2010.06.29"]

1. e4 c5 2. Nf3 g6 3. d4 Bg7 4. Be3 Nc6 5. Be2 cxd4 6. Nxd4 Nf6 7. Nc3 O-O
8. O-O d5 9. exd5 Nb4 10. Nf3 Nfxd5 11. Nxd5 Qxd5 12. Qxd5 Nxd5 13. Bd4
Bxd4 14. Nxd4 e5 15. Nf3 Bg4 16. h3 Nf4 17. Bd1 Bxf3 18. Bxf3 Rac8 19. c3
f5 20. Bd1 Rfd8 21. Bb3+ Kf8 22. Rad1 Ne2+ 23. Kh2 Ke7 24. Rfe1 Rxd1 25.
Bxd1 Nf4 26. Rxe5+ Kf6 27. Rb5 b6 28. Kg3 Nd3 29. Bf3 f4+ 30. Kg4 h5+ 31.
Kh4 Ne5 32. Rxe5 Kxe5 33. Kg5 Rd8 34. Kxg6 Rd2 35. Kxh5 Rxb2 36. Kg5 Rxa2
37. h4 Rd2 38. h5 Rd8 39. Kg6 a5 40. Bc6 Rd6+ 0-1

[Event "IsBank TCh-TUR"]
[Site "Konya TUR"]
[Date "2010.07.05"]
[Round "8"]
[White "Emiroglu,C"]
[Black "Olcum,A"]
[Result "1-0"]
[WhiteElo "2100"]
[BlackElo "1949"]
[EventDate "2010.06.29"]

1. e4 c5 2. Nf3 d6 3. d4 cxd4 4. Qxd4 Nc6 5. Bb5 Qd7 6. Bxc6 bxc6 7. c4 e5
8. Qd3 Nf6 9. Nc3 Be7 10. Bg5 Ba6 11. Bxf6 Bxf6 12. b4 O-O 13. b5 cxb5 14.
cxb5 Bb7 15. O-O Rac8 16. Rab1 Rxc3 17. Qxc3 Bxe4 18. Rb4 Ba8 19. Rc1 Qf5
20. Rc4 e4 21. Nd4 Qd5 22. Rc2 h6 23. Qd2 Kh7 24. Nc6 Qxb5 25. Qxd6 Bxc6
26. Qxc6 Qb1+ 27. Rc1 Qxa2 28. Qxe4+ g6 29. g3 a5 30. h4 Kg7 31. Ra4 Qd2
32. Rc2 Qd1+ 33. Kg2 Re8 34. Qxe8 Qxc2 35. Re4 Qc5 36. Qa4 Qd5 37. Qc4 Qb7
38. Kh2 Qb2 39. Re2 Qb4 40. Rc2 h5 41. Kg2 Qb7+ 42. Qc6 Qb4 43. Rc4 Qb3 44.
Re4 Qb2 45. Qd5 Qb6 46. Ra4 Bc3 47. Rc4 Bb4 48. Qd7 Qf6 49. Rf4 Qe7 50.
Qxe7 Bxe7 51. Kf3 1-0

[Event "IsBank TCh-TUR"]
[Site "Konya TUR"]
[Date "2010.07.05"]
[Round "8"]
[White "Tanrikulu,E"]
[Black "Gurcan,S"]
[Result "1-0"]
[WhiteElo "2259"]
[BlackElo "2237"]
[EventDate "2010.06.29"]

1. e4 c5 2. c3 Qa5 3. Nf3 Nc6 4. Na3 e6 5. Nc4 Qc7 6. d4 cxd4 7. cxd4 d5 8.
exd5 exd5 9. Nce5 Bd6 10. Nxc6 bxc6 11. Bd3 Bg4 12. h3 Bh5 13. Bd2 Ne7 14.
O-O f6 15. Rc1 O-O 16. Re1 f5 17. Bf1 f4 18. Bc3 Rf6 19. Qd3 Raf8 20. Be2
h6 21. a3 g5 22. Bb4 Bxb4 23. axb4 Qb6 24. Ne5 Be8 25. b5 cxb5 26. Bf3 Kh8
27. Rc5 Rd6 28. Bg4 h5 29. Nd7 Bg6 30. Qe2 Rxd7 31. Qe5+ Kg8 32. Be6+ Kh7
33. Bxd7 Ng8 34. Bxb5 Rf7 35. Rec1 Nf6 36. Rc7 Kg7 37. Rxf7+ Bxf7 38. Qxg5+
Bg6 39. Bd3 Ne4 40. Bxe4 dxe4 41. Qe5+ 1-0